Dermatology: (Record no. 1719)

MARC details
000 -LEADER
fixed length control field 00579nam a22002177a 4500
003 - CONTROL NUMBER IDENTIFIER
control field OSt
005 - DATE AND TIME OF LATEST TRANSACTION
control field 20170119143701.0
008 - FIXED-LENGTH DATA ELEMENTS--GENERAL INFORMATION
fixed length control field 150507b xxu||||| |||| 00| 0 eng d
020 ## - INTERNATIONAL STANDARD BOOK NUMBER
International Standard Book Number 0443071403
040 ## - CATALOGING SOURCE
Transcribing agency DNLM
082 ## - DEWEY DECIMAL CLASSIFICATION NUMBER
Classification number WR 17 G248d 2002
100 ## - MAIN ENTRY--PERSONAL NAME
Personal name Gawkrodger David J
9 (RLIN) 4542
245 ## - TITLE STATEMENT
Title Dermatology:
Remainder of title an illustrated Colour text
250 ## - EDITION STATEMENT
Edition statement 3rd ed.
260 ## - PUBLICATION, DISTRIBUTION, ETC. (IMPRINT)
Place of publication, distribution, etc. London:
Name of publisher, distributor, etc. Churchill Livingstone;
Date of publication, distribution, etc. 2002
300 ## - PHYSICAL DESCRIPTION
Extent vii,131 P;
Other physical details col.ill:
Dimensions 29 cm
504 ## - BIBLIOGRAPHY, ETC. NOTE
Bibliography, etc Includes index
650 ## - SUBJECT ADDED ENTRY--TOPICAL TERM
Topical term or geographic name as entry element Dermatology
9 (RLIN) 502
650 ## - SUBJECT ADDED ENTRY--TOPICAL TERM
Topical term or geographic name as entry element Skin diseases
9 (RLIN) 4010
942 ## - ADDED ENTRY ELEMENTS (KOHA)
Source of classification or shelving scheme Other/Generic Classification Scheme
Koha item type Short Loan
Holdings
Withdrawn status Lost status Source of classification or shelving scheme Damaged status Not for loan Home library Current library Date acquired Source of acquisition Inventory number Total Checkouts Full call number Barcode Date last seen Koha item type
    Other/Generic Classification Scheme     MUST Main Library MUST Main Library 07/05/2015   04/22456   WR 17 G248d 2002 2015-1352 07/05/2015 Short Loan
    Other/Generic Classification Scheme     MUST Main Library MUST Main Library 07/05/2015   04/22454   WR 17 G248d 2002 2015-1353 07/05/2015 Short Loan
    Other/Generic Classification Scheme     MUST Main Library MUST Main Library 07/05/2015   04/22455   WR 17 G248d 2002 2015-1354 07/05/2015 Short Loan
    Other/Generic Classification Scheme     MUST Main Library MUST Main Library 22/08/2016   09/31868   WR 17 G248d 2002 2016-3822 22/08/2016 Open Shelf
    Other/Generic Classification Scheme     MUST Main Library MUST Main Library 19/01/2017   09/31321   WR 17 G248d 2002 2017-0041 19/01/2017 Open Shelf
    Other/Generic Classification Scheme     MUST Main Library MUST Main Library 19/01/2017   10/32561   WR 17 G248d 2002 2017-0042 19/01/2017 Open Shelf